000 01386cam a22003974i 4500
001 17972131
003 OSt
005 20220131133828.0
008 131216s2015 ctua 000 0 eng d
010 _a 2013957655
020 _a9781111826703
020 _a1111826706
035 _a(OCoLC)ocn903955607
040 _aTUC
_cTUC
_dDLC
_erda
_dDLC
042 _alccopycat
050 0 0 _aHB172.5.M37
100 1 _aMcEachern, William A.,
245 1 0 _aECON macro: principles of macroeconomics. /
_cWilliam A. McEachern.
250 _aStudent edition 3.
260 _aMason Ohio:
_bSouth-Western,
_c2012.
300 _axii, 336 p. :
_bcolor illustrations,
336 _atext
_2rdacontent
336 _astill image
_2rdacontent
337 _aunmediated
_2rdamedia
338 _avolume
_2rdacarrier
500 _aTitle from cover.
505 _aContents:
650 0 _aMacroeconomics.
856 4 1 _3Table of contents only
_uhttp://www.loc.gov/catdir/enhancements/fy1506/2013957655-t.html
856 4 2 _3Publisher description
_uhttp://www.loc.gov/catdir/enhancements/fy1506/2013957655-d.html
856 4 2 _3Contributor biographical information
_uhttp://www.loc.gov/catdir/enhancements/fy1506/2013957655-b.html
906 _a7
_bcbc
_ccopycat
_d3
_encip
_f20
_gy-gencatlg
942 _2lcc
_cBK
999 _c8549
_d16049